Safeguarding adults in nursing practice

Tallennettuna:
Bibliografiset tiedot
Päätekijä: NORTHWAY, Ruth
Aineistotyyppi: Kirja
Kieli:englanti
Julkaistu: Learning Matters 2017
Tagit: Lisää tagi
Ei tageja, Lisää ensimmäinen tagi!

MARC

LEADER 00000nam a22000007a 4500
008 210122b ||||| |||| 00| 0 eng d
020 |a 978-1-4739-5484-7 
100 |a NORTHWAY, Ruth. 
245 |a Safeguarding adults in nursing practice  |c Ruth Northway, Robert Jenkins  |e (Transforming nursing practice)  |g - x, 230p.: ill. 
250 |b 2nd ed.  
260 |b Learning Matters  |c 2017  |h London:  |i 693305  |i 693306   |l RT86.5 .N82  |m Nursing – Social aspects – Great Britain.  |m People with disabilities – Abuse of – Great Britain – Prevention.  |m Abused men – Services for – Great Britain.  |m Abused women – Services for – Great Britain. 
500 |a “It includes reference and index”. 
942 |a lcc  |c BK  |e Adeniran, F. A  |f 22/01/2021 
952 |0 0  |1 0  |2 lcc  |4 0  |6 RT00865 N82  |7 0  |9 1637  |a HOL  |b HE  |c QZ  |d 2021-01-22  |l 0  |o RT86.5 .N82  |p 2021-0424  |r 2021-01-22 00:00:00  |w 2021-01-22  |y BK 
952 |0 0  |1 0  |2 lcc  |4 0  |6 RT00865 N82  |7 0  |9 1638  |a HOL  |b HOL  |c QZ  |d 2021-01-22  |l 0  |o RT86.5 .N82  |p 2021-0425  |r 2021-01-22 00:00:00  |w 2021-01-22  |y BK 
999 |c 868  |d 868